书目信息 |
| 题名: |
洋话连篇托福最新词汇精选
|
|
| 作者: | 东方友人 编著 | |
| 分册: | ||
| 出版信息: | 北京 中国对外翻译出版公司 2003 |
|
| 页数: | 321页 | |
| 开本: | 22cm | |
| 丛书名: | 托福教辅系列丛书 | |
| 单 册: | ||
| 中图分类: | H313 | |
| 科图分类: | ||
| 主题词: | 英语--阅读教学--高等教育--入学考试,美国--自学参考资料 | |
| 电子资源: | ||
| ISBN: | 7-5001-1108-8 | |
| 000 | 00848nam 2200241 4500 | |
| 001 | 192004002173 | |
| 005 | 20070914100621.70 | |
| 010 | @a7-5001-1108-8@dCNY21.00 | |
| 100 | @a20070601d2003 ekmy0chiy0121 ea | |
| 101 | 0 | @achi |
| 102 | @aCN@b110000 | |
| 105 | @ay z 000yy | |
| 200 | 1 | @a洋话连篇托福最新词汇精选@Ayang hua lian pian tuo fu zui xin ci hui jing xuan@f东方友人编著 |
| 210 | @a北京@c中国对外翻译出版公司@d2003 | |
| 215 | @a321页@d22cm | |
| 225 | 2 | @a托福教辅系列丛书@Atuo fu jiao fu ji lie cong shu |
| 330 | @a本书精选自所有TOEFL真题,真题例句全面而精确地解析词汇原义,简明的形式使你更快捷地记忆单词。 | |
| 410 | 0 | @12001 @a托福教辅系列丛书 |
| 606 | 0 | @a英语@x阅读教学@x高等教育@x入学考试,美国@j自学参考资料 |
| 690 | @aH313@v4 | |
| 701 | 0 | @a东方友人@Adong fang you ren@4编著 |
| 801 | 0 | @aCN@c20070914 |
| 905 | @dH313@eD664 | |
| 洋话连篇托福最新词汇精选/东方友人编著.-北京:中国对外翻译出版公司,2003 |
| 321页;22cm.-(托福教辅系列丛书) |
| ISBN 7-5001-1108-8:CNY21.00 |
| 本书精选自所有TOEFL真题,真题例句全面而精确地解析词汇原义,简明的形式使你更快捷地记忆单词。 |
| ● |
| 相关链接 |
|
|
|
正题名:洋话连篇托福最新词汇精选
索取号:H313/D664
 
预约/预借
| 序号 | 登录号 | 条形码 | 馆藏地/架位号 | 状态 | 备注 |
| 1 | 620896 | 206208968 | 语言库209/209语言库 101排9列6层/ [索取号:H313/D664] | 在馆 | |
| 2 | 620897 | 206208977 | 语言库209/209语言库 101排9列6层/ [索取号:H313/D664] | 在馆 | |
| 3 | 620898 | 206208986 | 语言库209/209语言库 101排9列6层/ [索取号:H313/D664] | 在馆 | |
| 4 | 620899 | 206208995 | 语言库209/209语言库 101排9列6层/ [索取号:H313/D664] | 在馆 |